|
|
|
|
| LEADER |
00000nam a2200000 a 4500 |
| 001 |
vtls008353547 |
| 003 |
SK-MaSNL |
| 005 |
20260331204958.0 |
| 008 |
181128s1964 xo 000 slo |
| 015 |
|
|
|a SKSNBA1964/11-02600
|
| 035 |
|
|
|a SK01SNK19640045764
|
| 035 |
|
|
|a SKM000048227
|
| 040 |
|
|
|a SNK
|b slo
|c SNK
|e AACR2
|
| 041 |
1 |
|
|a slo
|
| 044 |
|
|
|a xo
|c SK
|
| 080 |
|
|
|a 028(438)
|2 1981
|
| 100 |
1 |
|
|a Irmler, Ján,
|d 1913-1974
|4 ant
|9 10550
|
| 245 |
1 |
0 |
|a Výskumy čítania v zahraničí
|b Poľská ľudová republika : (prehľad literatúry a výsledkov)
|c sprac. Ján Irmler
|
| 260 |
|
|
|a Martin
|b Matica slovenská
|c 1964
|
| 300 |
|
|
|a 143 s.
|c 4°
|
| 490 |
1 |
|
|a Prehľady knihovníckej literatúry. Séria B. Retrospektívne súpisy
|v č. 7
|
| 500 |
|
|
|a Lit. Pozn. Odkazy na lit. v texte. Tb. Zozn.
|
| 563 |
|
|
|a 400 výtl.
|
| 650 |
0 |
7 |
|a čítanie
|z Poľsko
|x výskumy
|x výsledky
|2 SNK
|9 757449
|
| 651 |
|
7 |
|a Poľsko
|x čítanie
|x výskumy
|x výsledky
|2 SNK
|9 757450
|
| 655 |
|
7 |
|a príručky
|2 SNKPH
|9 74364
|
| 830 |
|
0 |
|a Prehľady knihovníckej literatúry. Séria B. Retrospektívne súpisy
|9 398693
|
| 852 |
|
|
|a Slovenská národná knižnica v Martine
|b 10000
|h SB 10866
|
| 852 |
|
|
|a Slovenská národná knižnica v Martine
|b 10000
|h SB 10866 D1
|
| 958 |
|
|
|a OND
|
| 958 |
|
|
|a TL
|
| 958 |
|
|
|a RK
|
| 958 |
|
|
|a NB
|
| 999 |
|
|
|c 1195921
|d 1197851
|
| 952 |
|
|
|a SNK
|b SNK
|y PREZ
|7 0
|p 17A0780376
|o snkSB 10866
|0 0
|1 0
|4 0
|d 2012-08-02
|f 1
|l 0
|r 2025-03-05 00:00:00
|w 2026-02-24
|
| 952 |
|
|
|t P60, <04>, [BOOK], {604}
|a SNK
|b SNK
|y VYP
|7 0
|p 17A0150306
|o snkSB 10866 D1
|0 0
|1 0
|4 0
|d 1998-08-10
|l 0
|r 2005-01-02 00:00:00
|w 2026-02-24
|